000 01120nam a22003257a 4500
003 CHAP
005 20220329140230.0
008 971013s1982 r 00010 d
010 _a48948
011 _a49920
035 _a54070
040 _cCHAP
090 _aTesis
100 0 0 _aVera Garza, Telésforo.
_9118771
245 _aCaracterización del crecimiento de seis grupos raciales de cabras lecheras en Apodaca, Nuevo León
260 _aSaltillo, Coah. :
_bEl autor,
_c1982
300 _a45 h.
_b; gráfs.
502 _aTesis (M.C. Esp. en Ciencia Animal) -- Univ. Autónoma Agraria Antonio Narro
590 _aALEPH
_b10
_c20130110
_lUCH01
_h1321
590 _aBATCH-UPD
_b10
_c20130110
_lUCH01
_h0746
590 _aBATCH-UPD
_b10
_c20130410
_lUCH01
_h0427
590 _aBATCH-UPD
_b10
_c20130914
_lUCH01
_h1507
590 _aCONVERSION
_b10
_c20130109
_lUCH01
_h1327
650 1 4 _aGanado cabrío
_xCrecimiento.
_945000
650 1 4 _aGanado cabrío
_xNuevo León.
_945029
901 _aBK
942 _cFOLL
949 _bBC
_cLIBRO
_d33724000612339
_eTS2
_fc.2
_i54070
_sb
949 _bBC
_cTES
_d-119505
_eTS1
_i54070
_si
999 _c48948
_d48948